Asian Wildlife- Sudden Death - Statistics

General Stats
  • This quiz has been taken 1,189 times
    405 since last reset
  • The average score is 8 of 17
Answers on the Grid
Answers color-coded by a green-red scale on the quiz's grid according to % correct below.
Tiger
Peacock
Komodo Dragon
Red Panda
Giant Panda
Alpaca
Orangutan
Chimpanzee
Spider Monkey
King Cobra
Snow Leopard
Tanuki
Sloth Bear
Binturong
Jaguar
Elephant
Hornbill
Water Buffalo
Radiated Tortoise
Palm Civet
Hippo
Ring-Tailed Lemur
Penguin
Impala
Burmese Python
Meerkat
Crocodile
Two-Toed Sloth
Poison Dart Frog
Giraffe
 
Answer Stats
Answer % Correct
Tiger
67%
Orangutan
64%
Elephant
56%
Giant Panda
56%
Komodo Dragon
56%
Red Panda
51%
Snow Leopard
49%
Water Buffalo
49%
King Cobra
47%
Burmese Python
44%
Peacock
44%
Tanuki
44%
Binturong
40%
Crocodile
31%
Sloth Bear
31%
Palm Civet
27%
Hornbill
24%
No matching quizzes found
Score Distribution
Percent of People with Each Score
Percentile by Number Answered
Your Score History
You have not taken this quiz since the last reset